| 000 | 00617nam a2200205 i 4500 | ||
|---|---|---|---|
| 001 | 88246 | ||
| 003 | ES-MaACL | ||
| 005 | 20230906175826.0 | ||
| 007 | t| | ||
| 008 | 050103s1986 sp ||||1| spa d | ||
| 020 | _a84-206-2456-X | ||
| 100 | 1 |
_aLaín Entralgo, Pedro, _d1908-2001 _969681 |
|
| 245 | 1 | 0 |
_aCiencia, técnica y medicina / _cPedro Laín Entralgo. |
| 260 |
_aMadrid : _bAlianza, _c[1986] |
||
| 300 |
_a382 p. ; _c20 cm. |
||
| 490 | 1 |
_aAlianza universidad. Ciencias ; _v456 |
|
| 830 | 0 |
_aAlianza universidad. Ciencias ; _v456 _9179153 |
|
| 852 |
_aES-MaACL _jL-10108 _bR.111660 |
||
| 999 |
_c88246 _d88246 |
||